|
|
|
|
| LEADER |
00000cam a22000004a 4500 |
| 001 |
musev2_48632 |
| 003 |
MdBmJHUP |
| 005 |
20230905045044.0 |
| 006 |
m o d |
| 007 |
cr||||||||nn|n |
| 008 |
990319s1999 azu o 00 0 eng d |
| 020 |
|
|
|a 9780816536450
|
| 020 |
|
|
|z 9780816518944
|
| 040 |
|
|
|a MdBmJHUP
|c MdBmJHUP
|
| 100 |
1 |
|
|a Brookbank, George,
|d 1925-
|
| 245 |
1 |
4 |
|a The Desert Gardener's Calendar :
|b Your Month-by-Month Guide /
|c George Brookbank.
|
| 264 |
|
1 |
|a Tucson :
|b University of Arizona Press,
|c 1999.
|
| 264 |
|
3 |
|a Baltimore, Md. :
|b Project MUSE,
|c 0000
|
| 264 |
|
4 |
|c ©1999.
|
| 300 |
|
|
|a 1 online resource (168 pages):
|b illustrations
|
| 336 |
|
|
|a text
|b txt
|2 rdacontent
|
| 337 |
|
|
|a computer
|b c
|2 rdamedia
|
| 338 |
|
|
|a online resource
|b cr
|2 rdacarrier
|
| 588 |
|
|
|a Description based on print version record.
|
| 650 |
|
7 |
|a Gardening.
|2 fast
|0 (OCoLC)fst00937852
|
| 650 |
|
7 |
|a Desert gardening.
|2 fast
|0 (OCoLC)fst00891160
|
| 650 |
|
7 |
|a GARDENING
|x General.
|2 bisacsh
|
| 650 |
|
6 |
|a Jardinage en region desertique
|z États-Unis (Nouveau Sud-Ouest)
|
| 650 |
|
6 |
|a Jardinage
|z États-Unis (Nouveau Sud-Ouest)
|
| 650 |
|
0 |
|a Desert gardening
|z Southwest, New.
|
| 650 |
|
0 |
|a Gardening
|z Southwest, New.
|
| 651 |
|
7 |
|a New Southwest.
|2 fast
|0 (OCoLC)fst01244556
|
| 655 |
|
7 |
|a Electronic books.
|2 local
|
| 710 |
2 |
|
|a Project Muse.
|e distributor
|
| 830 |
|
0 |
|a Book collections on Project MUSE.
|
| 856 |
4 |
0 |
|z Texto completo
|u https://projectmuse.uam.elogim.com/book/48632/
|
| 945 |
|
|
|a Project MUSE - Custom Collection
|